[Event "Int. Stuttgarter Stadtmeisterschaft B"]
[Site "Ditzingen"]
[Date "2013.05.09"]
[Round "1.27"]
[White "Schreiber, Stephan"]
[Black "Fürderer, Carl"]
[Result "1-0"]
[WhiteElo "1779"]
[BlackElo "1586"]
[PlyCount "95"]
[EventDate "2013.??.??"]
[WhiteTeam "SC Schachmatt Botnang"]
[BlackTeam "SC Weisse Dame Ulm e.V."]

1. d4 f5 2. Bf4 Nf6 3. e3 g6 4. Be2 Bg7 5. h3 e6 6. Nf3 d6 7. c3 Bd7 8. Qb3 Nc6
9. Nbd2 Qe7 10. Qxb7 Rc8 11. b3 Nd5 12. Bg5 Bf6 13. Bxf6 Qxf6 14. Rc1 Rb8 15.
Qa6 Rb6 16. Qa3 O-O 17. c4 Ndb4 18. c5 dxc5 19. Rxc5 Rd8 20. O-O Bc8 21. Qb2
Rd5 22. Rfc1 Ba6 23. Kf1 Bxe2+ 24. Kxe2 f4 25. a3 fxe3 26. fxe3 Rxc5 27. Rxc5
Nd5 28. Nc4 Ra6 29. b4 Nce7 30. b5 Ra4 31. Qb3 a6 32. bxa6 Rxa6 33. Kf2 Ra8 34.
Qb7 Rf8 35. Ke2 Qf5 36. Qb2 g5 37. Nce5 h5 38. Qc2 Qf6 39. Nd7 Qh6 40. Nxf8 g4
41. Qh7+ Qxh7 42. Nxh7 gxf3+ 43. Kxf3 Kxh7 44. e4 Nb6 45. Rxc7 Nbc8 46. d5 exd5
47. exd5 Kg6 48. d6 1-0

[Event "Int. Stuttgarter Stadtmeisterschaft B"]
[Site "Ditzingen"]
[Date "2013.05.09"]
[Round "1.28"]
[White "Gottwald, Helmut"]
[Black "Kobald, Matthias"]
[Result "1/2-1/2"]
[WhiteElo "1582"]
[BlackElo "1774"]
[PlyCount "124"]
[EventDate "2013.??.??"]
[WhiteTeam "SV Dicker Turm Esslingen"]
[BlackTeam "SV Stuttgart-Wolfbusch 1956 e.V."]

1. Nf3 Nf6 2. c4 e6 3. g3 d5 4. cxd5 exd5 5. Bg2 Nc6 6. b3 h6 7. Ba3 Nb4 8. Nd4
c5 9. Nc2 a5 10. Bb2 Be7 11. O-O O-O 12. Nba3 Be6 13. Nxb4 axb4 14. Nc2 Qd7 15.
Ne1 Bh3 16. Nf3 Bxg2 17. Kxg2 Ra6 18. a3 bxa3 19. Rxa3 Rfa8 20. Rxa6 Rxa6 21.
Qc2 Qb5 22. d3 Rb6 23. Nd2 Re6 24. Nf3 Qc6 25. Kg1 Qc8 26. Ra1 Rc6 27. Qd1 Nh7
28. Ra2 Bf6 29. Bxf6 Rxf6 30. Qa1 Ra6 31. Rxa6 bxa6 32. Qc3 Nf8 33. d4 Ne6 34.
dxc5 Qxc5 35. Qxc5 Nxc5 36. Nd4 a5 37. Kg2 Kf8 38. Kf3 h5 39. Kf4 a4 40. bxa4
Nxa4 41. Ke5 Nc3 42. f3 Ke7 43. Nf5+ Kf8 44. e3 g6 45. Nd6 Ke7 46. Nb7 f6+ 47.
Kd4 Nd1 48. Nc5 Kd6 49. Nd3 Kc7 50. Nf4 g5 51. Nxd5+ Kd6 52. e4 Nf2 53. Ke3 Nh3
54. Ke2 Ng1+ 55. Kf2 Nh3+ 56. Kg2 g4 57. fxg4 hxg4 58. Ne3 Ng5 59. Nxg4 Nxe4
60. Kf3 Ng5+ 61. Kf4 Nh3+ 62. Kf3 Ng5+ 1/2-1/2

[Event "Int. Stuttgarter Stadtmeisterschaft B"]
[Site "Ditzingen"]
[Date "2013.05.09"]
[Round "1.29"]
[White "Zerweck, Christoph"]
[Black "Haro, Niel"]
[Result "1-0"]
[WhiteElo "1774"]
[BlackElo "1576"]
[PlyCount "91"]
[EventDate "2013.??.??"]
[WhiteTeam "SV Herrenberg e.V."]
[BlackTeam "Stuttgarter SF 1879"]

1. e4 e5 2. Nc3 d6 3. f4 exf4 4. Nf3 Bg4 5. Bc4 Nf6 6. O-O Be7 7. d4 O-O 8.
Bxf4 Nc6 9. g3 Nh5 10. Be3 Kh8 11. h3 Bd7 12. g4 Ng3 13. Rf2 Bh4 14. g5 Nf5 15.
exf5 Bxf2+ 16. Bxf2 Bxf5 17. Kh2 Qd7 18. h4 Bg4 19. Qd3 Bf5 20. Qd2 f6 21. Rf1
fxg5 22. Nxg5 h6 23. Nge4 Bxe4 24. Nxe4 d5 25. Nc5 Rxf2+ 26. Qxf2 Qd6+ 27. Qf4
dxc4 28. c3 Na5 29. Qxd6 cxd6 30. Ne4 d5 31. Nd6 g6 32. Rf7 Kg8 33. Rd7 Rb8 34.
Nf7 Kg7 35. Ne5+ Kf6 36. Rxd5 b6 37. Rd6+ Kf5 38. Rxg6 Ke4 39. Rxh6 Rf8 40. Rg6
Rf2+ 41. Rg2 Rf4 42. Kg3 b5 43. h5 Rf6 44. Rh2 Rh6 45. Ng4 Rh7 46. Nf6+ 1-0

[Event "Int. Stuttgarter Stadtmeisterschaft B"]
[Site "Ditzingen"]
[Date "2013.05.09"]
[Round "1.30"]
[White "Bischof, Jan"]
[Black "Hornung, Richard"]
[Result "1/2-1/2"]
[WhiteElo "1574"]
[BlackElo "1767"]
[PlyCount "41"]
[EventDate "2013.??.??"]
[WhiteTeam "SGem Vaihingen-Rohr"]
[BlackTeam "SG Schwabing München Nord e.V."]

1. e4 e6 2. b3 d5 3. Bb2 dxe4 4. Nc3 Nf6 5. g4 h6 6. Bg2 e5 7. h3 Bd6 8. Nxe4
Nxe4 9. Bxe4 O-O 10. Qe2 Nc6 11. Bxc6 bxc6 12. O-O-O Re8 13. h4 a5 14. a4 Bb7
15. g5 c5 16. Rh2 hxg5 17. hxg5 Qxg5 18. Nh3 Qf5 19. Rg1 f6 20. Qe3 Bf3 21. Qh6
1/2-1/2

[Event "Int. Stuttgarter Stadtmeisterschaft B"]
[Site "Ditzingen"]
[Date "2013.05.09"]
[Round "1.31"]
[White "Wenzel, Ulrich"]
[Black "Schreiber, Winfried"]
[Result "1-0"]
[WhiteElo "1767"]
[BlackElo "1573"]
[PlyCount "89"]
[EventDate "2013.??.??"]
[WhiteTeam "TSF Ditzingen"]

1. Nf3 Nf6 2. c4 c5 3. d4 e6 4. g3 b6 5. Bg2 Bb7 6. O-O Be7 7. Nc3 O-O 8. b3
Ne4 9. Bb2 Nxc3 10. Bxc3 d6 11. Qc2 f5 12. Rad1 Be4 13. Qb2 d5 14. dxc5 Bf6 15.
Bxf6 Rxf6 16. cxb6 axb6 17. cxd5 exd5 18. Ne5 Bxg2 19. Kxg2 Nc6 20. Rd2 d4 21.
Nxc6 Qd5+ 22. Kg1 Qxc6 23. Rxd4 Rd6 24. Rfd1 Rad8 25. Rxd6 Rxd6 26. Rxd6 Qxd6
27. Qc2 g6 28. Qd3 Qc5 29. Qc4+ Qxc4 30. bxc4 Kf7 31. f4 Ke6 32. Kf2 Kd6 33.
Ke3 Kc5 34. Kd3 Kb4 35. Kd4 Ka3 36. c5 bxc5+ 37. Kxc5 Kxa2 38. Kd5 Kb3 39. e4
fxe4 40. Kxe4 Kc4 41. g4 Kc5 42. Ke5 Kc6 43. Ke6 Kc7 44. Ke7 Kc6 45. f5 1-0

[Event "Int. Stuttgarter Stadtmeisterschaft B"]
[Site "Ditzingen"]
[Date "2013.05.09"]
[Round "1.32"]
[White "Matic, Marijo"]
[Black "Hahn, Martin"]
[Result "0-1"]
[WhiteElo "1565"]
[BlackElo "1763"]
[PlyCount "76"]
[EventDate "2013.??.??"]
[WhiteTeam "Stuttgarter SF 1879"]
[BlackTeam "SF Oeffingen e.V."]

1. e4 e6 2. d4 d5 3. Nc3 h6 4. Nf3 Nf6 5. Bd3 c5 6. exd5 exd5 7. Bb5+ Bd7 8.
Bxd7+ Nbxd7 9. O-O Be7 10. Re1 O-O 11. a3 Re8 12. Re2 c4 13. Qe1 a6 14. Bf4 Nf8
15. h3 Ne6 16. Be5 Qd7 17. Qd2 b5 18. Bxf6 Bxf6 19. Rae1 Rad8 20. Nb1 Qd6 21.
c3 Kf8 22. g3 Ng5 23. Rxe8+ Rxe8 24. Rxe8+ Kxe8 25. Nxg5 Bxg5 26. f4 Be7 27.
Qe2 Qg6 28. Qe1 Qc2 29. Nd2 Qxb2 30. Nf3 Kf8 31. Ne5 Qxa3 32. Nd7+ Kg8 33. Nb6
Bf8 34. Nxd5 Qd6 35. Qe5 Qxe5 36. fxe5 a5 37. Nc7 b4 38. Nb5 b3 0-1

[Event "Int. Stuttgarter Stadtmeisterschaft B"]
[Site "Ditzingen"]
[Date "2013.05.09"]
[Round "1.33"]
[White "Zeh, Dominik"]
[Black "Dallinger, Moritz"]
[Result "1-0"]
[WhiteElo "1763"]
[BlackElo "1528"]
[PlyCount "55"]
[EventDate "2013.??.??"]
[WhiteTeam "Stuttgarter SF 1879"]
[BlackTeam "SV Stuttgart-Wolfbusch 1956 e.V."]

1. d4 Nf6 2. c4 e6 3. Nc3 Bb4 4. e3 b6 5. Nf3 Bb7 6. Bd3 Ne4 7. Qc2 f5 8. O-O
Bxc3 9. bxc3 d6 10. Nd2 Nxd2 11. Bxd2 Qh4 12. f3 O-O 13. Rae1 Rf6 14. e4 f4 15.
Re2 e5 16. c5 Rh6 17. g3 Rg6 18. Be1 Nd7 19. Rg2 Qh6 20. Qa4 c6 21. Bd2 dxc5
22. dxe5 Nxe5 23. Bxf4 Qh5 24. g4 Nxf3+ 25. Rxf3 Rxg4 26. Bg3 b5 27. Qd1 Rd8
28. Bc4+ 1-0

[Event "Int. Stuttgarter Stadtmeisterschaft B"]
[Site "Ditzingen"]
[Date "2013.05.09"]
[Round "1.34"]
[White "Zeitler, Waldemar"]
[Black "Notz, Lukas"]
[Result "1-0"]
[WhiteElo "1523"]
[BlackElo "1757"]
[PlyCount "59"]
[EventDate "2013.??.??"]
[WhiteTeam "SC Gross-Sachsenheim"]
[BlackTeam "SV Dettingen Erms"]

1. d4 d5 2. Nc3 Nf6 3. f4 e6 4. Nf3 c5 5. e3 cxd4 6. exd4 Bb4 7. a3 Bxc3+ 8.
bxc3 Nc6 9. Bd3 Ne4 10. Bxe4 dxe4 11. Ne5 Nxe5 12. fxe5 b6 13. O-O O-O 14. a4
Bb7 15. Ba3 Re8 16. Bd6 Qg5 17. Qc1 e3 18. g3 Qh6 19. Rf4 g5 20. Rf6 Qh3 21.
Qf1 Qh5 22. Re1 Be4 23. Rxe3 Bxc2 24. h3 Rac8 25. g4 Qh4 26. Rxf7 Bxa4 27. Ref3
Bc6 28. Rf8+ Rxf8 29. Rxf8+ Kg7 30. Qf6# 1-0

[Event "Int. Stuttgarter Stadtmeisterschaft B"]
[Site "Ditzingen"]
[Date "2013.05.09"]
[Round "1.35"]
[White "Hamm, Julian"]
[Black "Wübbens, Carsten"]
[Result "1/2-1/2"]
[WhiteElo "1750"]
[BlackElo "1516"]
[PlyCount "47"]
[EventDate "2013.??.??"]
[WhiteTeam "Mönchfelder SV 1967"]
[BlackTeam "SF Freiberg"]

1. c4 Nf6 2. Nc3 d6 3. g3 e5 4. Bg2 g6 5. d3 Bg7 6. Nf3 O-O 7. O-O Nc6 8. Bd2
Bd7 9. Rb1 Rb8 10. b4 Qc8 11. Bg5 Bh3 12. Bxf6 Bxf6 13. Nd5 Bd8 14. Qd2 Nd4 15.
Nxd4 exd4 16. Qf4 Bxg2 17. Kxg2 c6 18. Nf6+ Bxf6 19. Qxf6 Qe6 20. Qxd4 Qxe2 21.
Rfe1 Qd2 22. a3 a6 23. Re3 Rbd8 24. Qb6 1/2-1/2

[Event "Int. Stuttgarter Stadtmeisterschaft B"]
[Site "Ditzingen"]
[Date "2013.05.09"]
[Round "1.36"]
[White "Eylandt, Guenter"]
[Black "Lisin, Wladimir"]
[Result "1-0"]
[WhiteElo "1504"]
[BlackElo "1487"]
[PlyCount "60"]
[EventDate "2013.??.??"]
[WhiteTeam "SV Rottweil"]
[BlackTeam "SGem Vaihingen-Rohr"]

1. c4 Nf6 2. g3 d5 3. cxd5 Qxd5 4. Nf3 e5 5. Nc3 Qc6 6. d3 Bb4 7. Bd2 O-O 8.
Bg2 Qe8 9. O-O Nc6 10. Ne4 Nxe4 11. dxe4 Bg4 12. Bxb4 Nxb4 13. Qb3 c5 14. a3
Bxf3 15. Bxf3 Nc6 16. e3 b6 17. Rad1 Ne7 18. Rd6 Qc8 19. Rfd1 c4 20. Qc3 Qc5
21. Rd7 Rfe8 22. Qd2 Ng6 23. Rd5 Qe7 24. Rd7 Qg5 25. Bg2 Nf8 26. Rd5 Ne6 27. f4
Qg4 28. Rxe5 Rad8 29. Rd5 h5 30. Kf2 Nc7 1-0

[Event "Int. Stuttgarter Stadtmeisterschaft B"]
[Site "Ditzingen"]
[Date "2013.05.09"]
[Round "1.37"]
[White "Sampalla, Simon"]
[Black "Zaytsev, Evgeny"]
[Result "1-0"]
[WhiteElo "1473"]
[BlackElo "1733"]
[PlyCount "75"]
[EventDate "2013.??.??"]
[WhiteTeam "SC Gross-Sachsenheim"]
[BlackTeam "Stuttgarter SF 1879"]

1. d4 Nf6 2. c4 e6 3. Nc3 c5 4. e3 b6 5. Bd3 Bb7 6. f3 Nc6 7. Nge2 g6 8. a3 Bg7
9. d5 Ne5 10. e4 d6 11. O-O O-O 12. Bg5 h6 13. Bh4 g5 14. Bg3 Nh5 15. f4 Nxg3
16. Nxg3 Nxd3 17. Qxd3 g4 18. Nh5 Bd4+ 19. Kh1 Qh4 20. Ng3 Qf6 21. Rae1 a6 22.
Nge2 exd5 23. exd5 Rae8 24. Nxd4 cxd4 25. Ne2 b5 26. b3 bxc4 27. bxc4 Re3 28.
Qxd4 Qe7 29. f5 Re4 30. f6 Qe8 31. Qd2 Kh7 32. Ng3 Rxe1 33. Rxe1 Qc8 34. Qd3+
Kh8 35. Nf5 Re8 36. Re7 Rxe7 37. fxe7 Qg8 38. Qd4+ 1-0

[Event "Int. Stuttgarter Stadtmeisterschaft B"]
[Site "Ditzingen"]
[Date "2013.05.09"]
[Round "1.38"]
[White "Munk, Werner"]
[Black "Kappus, Holger"]
[Result "1/2-1/2"]
[WhiteElo "1732"]
[BlackElo "1459"]
[Annotator "Microsoft"]
[PlyCount "126"]
[EventDate "2013.??.??"]
[WhiteTeam "TSV Heumaden"]
[BlackTeam "SC Pforzheim 1906"]

1. Nf3 b6 2. g3 Bb7 3. Bg2 e6 4. O-O g6 5. d4 Bg7 6. Bg5 Bf6 7. Bf4 d6 8. c4 g5
9. Bc1 g4 10. Ne1 Bxg2 11. Nxg2 h5 12. Nc3 h4 13. e3 hxg3 14. hxg3 Nh6 15. Nf4
Bg5 16. Qa4+ Nd7 17. Qc6 Bxf4 18. exf4 a6 19. Be3 Nf5 20. Ne4 Ke7 21. Kg2 Qc8
22. d5 Qg8 23. Rh1 Nxe3+ 24. fxe3 Qg6 25. dxe6 fxe6 26. Nf2 Qc2 27. Qe4 Qxb2
28. Rab1 Qg7 29. Qd4 e5 30. Qd1 Raf8 31. Qxg4 Qxg4 32. Nxg4 Rhg8 33. Rh7+ Ke8
34. Kf3 e4+ 35. Kxe4 Rxg4 36. Rh3 Rfg8 37. Kf3 Nc5 38. Rg1 Nb7 39. Rg2 Na5 40.
Rc2 Kd7 41. Kf2 Kc6 42. e4 R8g7 43. a3 Kc5 44. Rh5+ Kc6 45. Rc3 Nb7 46. e5 Nc5
47. Re3 dxe5 48. Rhxe5 Nb7 49. Re7 Nd6 50. Rxg7 Rxg7 51. Re6 Kd7 52. Re1 Nxc4
53. Kf3 Re7 54. Rd1+ Nd6 55. g4 Ke6 56. Re1+ Kf7 57. Rd1 b5 58. Rd5 Nc4 59. Rd3
Nd6 60. Rd5 Ke6 61. Re5+ Kf7 62. Rd5 Nc4 63. Rd3 Kf6 {usw.} 1/2-1/2

[Event "Int. Stuttgarter Stadtmeisterschaft B"]
[Site "Ditzingen"]
[Date "2013.05.09"]
[Round "1.39"]
[White "Lehnhardt, Julian"]
[Black "Graf, Maximilian"]
[Result "0-1"]
[WhiteElo "1425"]
[BlackElo "1731"]
[PlyCount "88"]
[EventDate "2013.??.??"]
[WhiteTeam "SV Weil der Stadt"]
[BlackTeam "SK e4 Gerlingen"]

1. e4 e5 2. d4 exd4 3. Qxd4 Nc6 4. Qe3 Be7 5. Bc4 Nf6 6. Nf3 O-O 7. e5 Ng4 8.
Qf4 Ngxe5 9. Nxe5 Nxe5 10. Qxe5 Bb4+ 11. Kf1 Re8 12. Bxf7+ Kxf7 13. Qf4+ Qf6
14. Qxb4 Qa6+ 15. Kg1 Qe2 16. Qb3+ d5 17. Qf3+ Qxf3 18. gxf3 Re1+ 19. Kg2 Bh3+
20. Kxh3 Rxh1 21. Be3 Re8 22. b3 d4 23. Bd2 Re2 24. Kg2 Rd1 25. Nc3 dxc3 26.
Rxd1 Rxd2 27. Rc1 Kf6 28. f4 Kf5 29. Kf3 Rd4 30. Ke3 c5 31. Rg1 Kf6 32. h4 Rd2
33. Rc1 g6 34. a4 Kf5 35. f3 h6 36. a5 Rd4 37. Rg1 Rxf4 38. Rxg6 Rxf3+ 39. Kxf3
Kxg6 40. Kg4 b5 41. a6 b4 42. Kf4 c4 43. Ke3 cxb3 44. cxb3 Kh5 0-1

[Event "Int. Stuttgarter Stadtmeisterschaft B"]
[Site "Ditzingen"]
[Date "2013.05.09"]
[Round "1.40"]
[White "Erfle, Christian"]
[Black "Peng, Yimeh-Stella"]
[Result "1-0"]
[WhiteElo "1724"]
[BlackElo "1400"]
[PlyCount "59"]
[EventDate "2013.??.??"]
[WhiteTeam "SC Tamm 74"]
[BlackTeam "TSG Öhringen"]

1. d4 d5 2. c4 c6 3. Nc3 Nf6 4. Nf3 Nbd7 5. g3 e6 6. Bg2 c5 7. cxd5 Nxd5 8. O-O
Be7 9. e4 N5b6 10. a4 cxd4 11. Nxd4 Ne5 12. a5 Nbc4 13. Nc2 Qc7 14. b4 O-O 15.
Qe2 Bf6 16. Nb5 Qe7 17. Rb1 Bd7 18. Nbd4 Rfd8 19. f4 Nc6 20. Nxc6 Bxc6 21. Qxc4
Qd7 22. b5 Rac8 23. bxc6 Rxc6 24. Qe2 e5 25. Be3 Ra6 26. Rfd1 Qc7 27. Rxd8+
Qxd8 28. Rxb7 exf4 29. Bxf4 Rxa5 30. Rb8 1-0

[Event "Int. Stuttgarter Stadtmeisterschaft B"]
[Site "Ditzingen"]
[Date "2013.05.09"]
[Round "1.41"]
[White "Mihalache, Victor"]
[Black "Schmitz, Harald"]
[Result "0-1"]
[WhiteElo "1334"]
[BlackElo "1717"]
[PlyCount "90"]
[EventDate "2013.??.??"]
[WhiteTeam "SF 59 Kornwestheim"]
[BlackTeam "SG Fasanenhof"]

1. e4 e6 2. d4 d5 3. Nc3 Bb4 4. Nge2 dxe4 5. a3 Bxc3+ 6. Nxc3 c5 7. Be3 Nf6 8.
Bg5 Qxd4 9. Bxf6 Qxf6 10. Qd6 Qd4 11. Qxd4 cxd4 12. Nxe4 O-O 13. O-O-O e5 14.
Bc4 Nc6 15. Rhe1 Be6 16. Bxe6 fxe6 17. f3 b6 18. Ng5 Rfe8 19. f4 h6 20. Nh3
exf4 21. Nxf4 e5 22. Nd5 Red8 23. c4 Rac8 24. a4 Re8 25. b3 e4 26. Kb2 e3 27.
Nf4 Rcd8 28. h4 Rd6 29. Nd5 Rf8 30. Nxe3 Rf2+ 31. Kb1 Re6 32. Ng4 Rfe2 33. Rxe2
Rxe2 34. Rg1 d3 35. Rd1 d2 36. Kc2 Rxg2 37. Ne3 Rh2 38. Nf5 Rf2 39. Ne3 Nd4+
40. Kc3 Nf3 41. b4 Re2 42. Kd3 Re1 43. c5 bxc5 44. bxc5 Kf8 45. Kc4 Rxe3 0-1

[Event "Int. Stuttgarter Stadtmeisterschaft B"]
[Site "Ditzingen"]
[Date "2013.05.09"]
[Round "1.43"]
[White "Weis, Olga"]
[Black "Grözinger, Werner"]
[Result "1-0"]
[WhiteElo "1676"]
[BlackElo "1298"]
[PlyCount "67"]
[EventDate "2013.??.??"]
[WhiteTeam "OSG Baden-Baden"]
[BlackTeam "SV Stuttgart-Wolfbusch 1956 e.V."]

1. e4 e6 2. d4 c6 3. Nd2 d5 4. e5 b6 5. Bd3 g6 6. Ne2 Nd7 7. Nf3 c5 8. c3 c4 9.
Bc2 Bg7 10. Nf4 Ne7 11. Be3 b5 12. O-O Qb6 13. Bd2 Nf5 14. Bxf5 exf5 15. Nxd5
Qc6 16. Nb4 Qc7 17. Re1 O-O 18. Nd5 Qd8 19. Bg5 f6 20. e6 Re8 21. exd7 Rxe1+
22. Qxe1 Qxd7 23. Nxf6+ Bxf6 24. Bxf6 Bb7 25. Ne5 Qd6 26. Bg5 Re8 27. f3 Kg7
28. Bh6+ Kf6 29. Qh4+ Ke6 30. Re1 Kd5 31. Qg3 Qe6 32. f4 a6 33. Qf3+ Kd6 34.
Qxb7 1-0

[Event "Int. Stuttgarter Stadtmeisterschaft B"]
[Site "Ditzingen"]
[Date "2013.05.09"]
[Round "1.44"]
[White "Steinhart, Matthias"]
[Black "Steinmassl, Guido"]
[Result "1/2-1/2"]
[WhiteElo "1783"]
[BlackElo "1599"]
[PlyCount "80"]
[EventDate "2013.??.??"]
[WhiteTeam "SF Freiberg"]
[BlackTeam "SK e4 Gerlingen"]

1. e4 c5 2. Nf3 e6 3. b4 Nf6 4. e5 Ne4 5. d3 Nxf2 6. Kxf2 cxb4 7. d4 d5 8. Bd3
Be7 9. Rf1 Bd7 10. Kg1 b5 11. Qe2 Qb6 12. Qf2 Nc6 13. Be3 h6 14. Qg3 g5 15.
Nbd2 O-O-O 16. Rfb1 Na5 17. Nb3 Nc4 18. Bc1 Rdg8 19. Qe1 g4 20. Nfd2 a5 21. Qf2
Be8 22. Nf1 h5 23. Bd2 Rg7 24. Bxc4 bxc4 25. Nc5 Qc7 26. Re1 c3 27. Bf4 Bb5 28.
a3 Bxc5 29. dxc5 Qc6 30. axb4 axb4 31. Ra7 Kb8 32. Rea1 Rc8 33. Be3 Rc7 34.
Rxc7 Qxc7 35. Qf6 Rg8 36. Ng3 h4 37. Nh5 h3 38. g3 Rd8 39. Bd4 Be2 40. Qf2 Bf3
1/2-1/2

[Event "Int. Stuttgarter Stadtmeisterschaft B"]
[Site "Ditzingen"]
[Date "2013.05.09"]
[Round "1.45"]
[White "Kleih, Julian"]
[Black "Raabe, Stephan"]
[Result "1-0"]
[WhiteElo "1713"]
[BlackElo "1330"]
[PlyCount "95"]
[EventDate "2013.??.??"]
[WhiteTeam "SV Dettingen Erms"]
[BlackTeam "DJK Stuttgart-Süd"]

1. d4 Nf6 2. c4 e5 3. dxe5 Ng4 4. Nf3 Nc6 5. e3 Ngxe5 6. Be2 Bb4+ 7. Bd2 Nxf3+
8. Bxf3 Bxd2+ 9. Nxd2 O-O 10. O-O Ne5 11. Be4 Qh4 12. Qc2 d6 13. Nf3 Nxf3+ 14.
Bxf3 Rd8 15. Rfd1 Bg4 16. Rd4 f5 17. Bxg4 fxg4 18. h3 c5 19. Rxg4 Qf6 20. Rc1
Kh8 21. Qc3 Qxc3 22. Rxc3 d5 23. cxd5 Rxd5 24. Rgc4 b6 25. Kf1 Rad8 26. Rc2
Rd1+ 27. Ke2 Rg1 28. g3 Rdd1 29. Re4 Rge1+ 30. Kf3 h6 31. Re7 a5 32. Re6 Ra1
33. a3 Rec1 34. Rxc1 Rxc1 35. Rxb6 Rb1 36. Rb5 c4 37. Rc5 Rxb2 38. Rxc4 Rb5 39.
Ke4 Rb2 40. f3 Kh7 41. Rc5 Rg2 42. g4 g5 43. Rxa5 Rg3 44. a4 Rxh3 45. Ra7+ Kg6
46. a5 h5 47. gxh5+ Kxh5 48. Rh7+ 1-0

[Event "Int. Stuttgarter Stadtmeisterschaft B"]
[Site "Ditzingen"]
[Date "2013.05.09"]
[Round "2.1"]
[White "Spielberger, Horst"]
[Black "Wenzel, Ulrich"]
[Result "1-0"]
[WhiteElo "1893"]
[BlackElo "1767"]
[PlyCount "83"]
[EventDate "2013.??.??"]
[WhiteTeam "SC Ismaning"]
[BlackTeam "TSF Ditzingen"]

1. d4 Nf6 2. g3 g6 3. Bg2 Bg7 4. e4 d6 5. Ne2 O-O 6. O-O Nc6 7. c3 e5 8. d5 Ne7
9. c4 Nd7 10. Nbc3 f5 11. Bg5 h6 12. Bxe7 Qxe7 13. f3 f4 14. b4 g5 15. g4 Nf6
16. Qd3 h5 17. h3 hxg4 18. fxg4 Kf7 19. Qf3 Rh8 20. Nd1 Rh4 21. Nf2 Bd7 22. c5
dxc5 23. bxc5 Qxc5 24. Rfc1 Qd6 25. Qc3 c6 26. dxc6 Bxc6 27. Kf1 Rhh8 28. Ng1
Rac8 29. Qa5 a6 30. Nf3 Bb5+ 31. Kg1 Kg6 32. Rd1 Qe7 33. a4 Bc6 34. Nxe5+ Kh6
35. Nxc6 Rxc6 36. e5 Rc5 37. exf6 Bxf6 38. Qb6 Kg7 39. Rab1 Rh6 40. Qxb7 Rc7
41. Qd5 Rh8 42. Re1 1-0

[Event "Int. Stuttgarter Stadtmeisterschaft B"]
[Site "Ditzingen"]
[Date "2013.05.09"]
[Round "2.2"]
[White "Hahn, Martin"]
[Black "Rudhart, Michael"]
[Result "1-0"]
[WhiteElo "1763"]
[BlackElo "1890"]
[PlyCount "55"]
[EventDate "2013.??.??"]
[WhiteTeam "SF Oeffingen e.V."]
[BlackTeam "DJK Stuttgart-Süd"]

1. e4 e6 2. d4 d5 3. exd5 exd5 4. Bf4 Bd6 5. Qd2 Ne7 6. Bd3 Nbc6 7. c3 O-O 8.
Ne2 Re8 9. O-O Bf5 10. Bxd6 Qxd6 11. Na3 a6 12. Nc2 Bxd3 13. Qxd3 Ng6 14. Rae1
Qf6 15. Ne3 Nce7 16. f4 Qd6 17. f5 Nf8 18. f6 gxf6 19. Ng4 Nd7 20. Ng3 Ng6 21.
Nh5 Kf8 22. Qd2 Re6 23. Rxe6 Qxe6 24. Re1 Nge5 25. Nf2 Qf5 26. Qh6+ Ke7 27.
dxe5 fxe5 28. Ng3 1-0

[Event "Int. Stuttgarter Stadtmeisterschaft B"]
[Site "Ditzingen"]
[Date "2013.05.09"]
[Round "2.3"]
[White "Paschmann, Stefan"]
[Black "Zeh, Dominik"]
[Result "1-0"]
[WhiteElo "1886"]
[BlackElo "1763"]
[PlyCount "51"]
[EventDate "2013.??.??"]
[WhiteTeam "Krefelder Schachklub Turm 1851 e"]
[BlackTeam "Stuttgarter SF 1879"]

1. d4 Nf6 2. Nf3 e6 3. Bg5 Be7 4. e3 b6 5. Nbd2 Bb7 6. Bd3 d5 7. O-O Nbd7 8. c3
h6 9. Bh4 O-O 10. Ne5 Nxe5 11. dxe5 Nd7 12. Bg3 c5 13. Qe2 c4 14. Bc2 b5 15.
Nf3 Qc7 16. Nd4 a6 17. Qh5 Rfe8 18. f4 Bf8 19. f5 Nc5 20. fxe6 fxe6 21. Bg6 Re7
22. Bh4 Rd7 23. Be8 Rxe8 24. Qxe8 Rf7 25. Nxe6 Bc6 26. Qxf8+ 1-0

[Event "Int. Stuttgarter Stadtmeisterschaft B"]
[Site "Ditzingen"]
[Date "2013.05.09"]
[Round "2.4"]
[White "Luft, Jakob"]
[Black "Erfle, Christian"]
[Result "1-0"]
[WhiteElo "1874"]
[BlackElo "1724"]
[PlyCount "59"]
[EventDate "2013.??.??"]
[WhiteTeam "SF Oeffingen e.V."]
[BlackTeam "SC Tamm 74"]

1. e4 c5 2. Nf3 Nc6 3. c3 d5 4. exd5 Qxd5 5. d3 Nf6 6. Be2 e6 7. O-O Be7 8. Na3
a6 9. Nc4 Qd8 10. a4 O-O 11. a5 Nd5 12. Nfd2 b5 13. axb6 Nxb6 14. Nxb6 Qxb6 15.
Nc4 Qc7 16. Bf3 Bb7 17. Re1 Rfd8 18. g3 Bd6 19. Qe2 e5 20. h4 f6 21. Kh2 Ne7
22. Nxd6 Rxd6 23. Bxb7 Qxb7 24. Be3 Qb5 25. Ra3 Rb8 26. Kg1 Nf5 27. Bc1 Rxd3
28. c4 Qc6 29. Rxd3 Nd4 30. Qe4 1-0

[Event "Int. Stuttgarter Stadtmeisterschaft B"]
[Site "Ditzingen"]
[Date "2013.05.09"]
[Round "2.5"]
[White "Graf, Maximilian"]
[Black "Wiessner, Johann"]
[Result "1/2-1/2"]
[WhiteElo "1731"]
[BlackElo "1861"]
[PlyCount "44"]
[EventDate "2013.??.??"]
[WhiteTeam "SK e4 Gerlingen"]
[BlackTeam "SC Lechhausen"]

1. e4 c5 2. Nf3 d6 3. d4 cxd4 4. Nxd4 Nf6 5. Nc3 a6 6. Be2 e5 7. Nb3 Be6 8. O-O
Nbd7 9. Be3 Be7 10. h3 Rc8 11. Qd2 b5 12. Rad1 Qc7 13. Nd5 Bxd5 14. exd5 O-O
15. Rc1 Nb6 16. Bxb6 Qxb6 17. c4 Ne4 18. Qd3 bxc4 19. Rxc4 f5 20. Rxc8 Rxc8 21.
Qxa6 Qxa6 22. Bxa6 Ra8 1/2-1/2

[Event "Int. Stuttgarter Stadtmeisterschaft B"]
[Site "Ditzingen"]
[Date "2013.05.09"]
[Round "2.6"]
[White "Häfele, Torsten"]
[Black "Kleih, Julian"]
[Result "0-1"]
[WhiteElo "1855"]
[BlackElo "1713"]
[PlyCount "32"]
[EventDate "2013.??.??"]
[WhiteTeam "SVG Vaihingen/Enz"]
[BlackTeam "SV Dettingen Erms"]

1. e4 c5 2. d4 cxd4 3. c3 dxc3 4. Nxc3 Nc6 5. Nf3 e6 6. Bc4 Nge7 7. O-O a6 8.
Bf4 Ng6 9. Bg3 Be7 10. Qe2 O-O 11. Rfd1 b5 12. Bb3 Na5 13. Bc2 Nc4 14. a4 Nxb2
15. Rab1 Nxa4 16. Nxb5 axb5 0-1

[Event "Int. Stuttgarter Stadtmeisterschaft B"]
[Site "Ditzingen"]
[Date "2013.05.09"]
[Round "2.7"]
[White "Baumeister, Jürgen"]
[Black "Weis, Olga"]
[Result "1-0"]
[WhiteElo "1849"]
[BlackElo "1676"]
[PlyCount "45"]
[EventDate "2013.??.??"]
[WhiteTeam "SC Asperg"]
[BlackTeam "OSG Baden-Baden"]

1. e4 e5 2. f4 exf4 3. Nf3 Nf6 4. Nc3 d5 5. exd5 Nxd5 6. Bc4 Nb6 7. Bb3 Nc6 8.
d4 Bd6 9. O-O O-O 10. Ne4 Bg4 11. c3 Na5 12. Nxd6 Qxd6 13. Bc2 Bh5 14. Bxh7+
Kxh7 15. Ng5+ Kg6 16. Qd3+ f5 17. Bxf4 Qd7 18. Qg3 Kf6 19. Rae1 Rae8 20. Be5+
Ke7 21. Bxc7+ Kf6 22. Be5+ Ke7 23. Bxg7+ 1-0

[Event "Int. Stuttgarter Stadtmeisterschaft B"]
[Site "Ditzingen"]
[Date "2013.05.09"]
[Round "2.8"]
[White "Schmitz, Harald"]
[Black "Viehoff, Jürgen"]
[Result "0-1"]
[WhiteElo "1717"]
[BlackElo "1848"]
[PlyCount "54"]
[EventDate "2013.??.??"]
[WhiteTeam "SG Fasanenhof"]
[BlackTeam "SC Stetten a.d.F."]

1. e4 c6 2. d4 d5 3. e5 Bf5 4. Bd3 Bxd3 5. Qxd3 e6 6. Nf3 Qa5+ 7. Bd2 Qa6 8.
O-O Qxd3 9. cxd3 Nd7 10. Nc3 h5 11. Rac1 Nh6 12. Na4 Nf5 13. b4 Be7 14. Nc5 Rb8
15. a3 g5 16. Rfe1 g4 17. Nxd7 Kxd7 18. Ng5 Rbf8 19. f4 Nxd4 20. Be3 Nf5 21.
Bxa7 Bxg5 22. fxg5 Ra8 23. Bf2 Rxa3 24. d4 h4 25. Ra1 Rha8 26. Rxa3 Rxa3 27.
Rb1 g3 0-1

[Event "Int. Stuttgarter Stadtmeisterschaft B"]
[Site "Ditzingen"]
[Date "2013.05.09"]
[Round "2.9"]
[White "Winkler, Tim"]
[Black "Weis, Oleg"]
[Result "1-0"]
[WhiteElo "1816"]
[BlackElo "1703"]
[PlyCount "77"]
[EventDate "2013.??.??"]
[WhiteTeam "SF Deizisau"]

1. e4 e5 2. Nf3 Nc6 3. Bc4 Bc5 4. Nc3 Nf6 5. d3 d6 6. h3 O-O 7. Bg5 h6 8. Bh4
g5 9. Bg3 Na5 10. Bb3 Nxb3 11. axb3 c6 12. Qd2 Nh5 13. Na4 Nxg3 14. fxg3 f6 15.
Nxc5 dxc5 16. g4 Kg7 17. Nh2 Be6 18. Nf1 a5 19. Ne3 b5 20. Qc3 Qd4 21. Kd2 b4
22. Qxd4 cxd4 23. Nf1 c5 24. Ke2 Bf7 25. Nd2 Be6 26. Ra2 Ra6 27. Rha1 Rfa8 28.
Nf1 Bf7 29. Ng3 Bg6 30. Kd2 R8a7 31. Nf5+ Bxf5 32. gxf5 Kf7 33. c3 Ke7 34. cxb4
cxb4 35. Rc1 Kd6 36. Rc8 Ra8 37. Rxa8 Rxa8 38. Ra1 Rb8 39. Rxa5 1-0